[Event "Rhein Main op-A 20th"]
[Site "Bad Homburg"]
[Date "2017.06.16"]
[Round "4"]
[White "Schmid, Roland"]
[Black "Golubka, Petr"]
[Result "1-0"]
[WhiteElo "2293"]
[BlackElo "2440"]
[PlyCount "59"]
[EventDate "2017.06.14"]
[EventType "swiss"]
[EventRounds "7"]
[EventCountry "GER"]
[SourceTitle "EXT 2018"]
[Source "ChessBase"]
[SourceDate "2017.10.13"]
[SourceVersion "1"]
[SourceVersionDate "2017.10.13"]
[SourceQuality "1"]

1. Nf3 g6 2. e4 Bg7 3. d4 c6 4. h3 d6 5. c4 Nf6 6. Nc3 0-0 7. Bg5 h6 8. Be3 e5 9. d5 Na6 10. Bd3 Nc5 11. Bc2 cxd5 12. cxd5 b6 13. b4 Nfxe4 14. Nxe4 Nxe4 15. Bxe4 f5 16. Bc2 f4 17. Bc1 e4 18. Nd4 Qg5 19. g4 e3 20. Nf3 Qf6 21. Rb1 Ba6 22. b5 Qc3+ 23. Kf1 Bb7 24. Bb2 Qc4+ 25. Kg2 Rae8 26. Bb3 Qxb5 27. Bxg7 Kxg7 28. Qd4+ Kg8 29. Ba4 Qe2 30. Rb2 1-0

[Event "BL2-Ost 1415"]
[Site "Germany"]
[Date "2015.01.31"]
[Round "7.4"]
[White "Schmid, Roland"]
[Black "Ivanov, Mikhail M"]
[Result "1/2-1/2"]
[WhiteElo "2264"]
[BlackElo "2388"]
[PlyCount "69"]
[EventDate "2014.10.18"]
[EventType "team-tourn"]
[EventRounds "10"]
[EventCountry "GER"]
[SourceTitle "CBM 166 Extra"]
[Source "ChessBase"]
[SourceDate "2015.06.18"]
[SourceVersion "1"]
[SourceVersionDate "2015.06.18"]
[SourceQuality "1"]
[WhiteTeam "Neutraubling Wacker"]
[BlackTeam "Bad Mergentheim"]
[WhiteTeamCountry "GER"]
[BlackTeamCountry "GER"]

1. d4 d5 2. c4 dxc4 3. Nf3 Nf6 4. e3 b5 5. a4 b4 6. Bxc4 e6 7. 0-0 Bb7 8. Nbd2 Nbd7 9. Qe2 c5 10. e4 cxd4 11. e5 Nd5 12. Nb3 Be7 13. a5 a6 14. Nbxd4 Nc5 15. Bd2 0-0 16. Nc2 Rb8 17. Rfd1 Qc7 18. Nfe1 Nd7 19. Bxa6 Bxa6 20. Qxa6 Nxe5 21. Nd4 Ng4 22. Nef3 Ra8 23. Qe2 Bf6 24. Nxe6 Qe7 25. Nf4 Qxe2 26. Nxe2 Bxb2 27. Ra2 Nc3 28. Nxc3 bxc3 29. Bc1 Rfd8 30. Rf1 h6 31. Bxb2 cxb2 32. Rxb2 Rxa5 33. h3 Ne5 34. Nxe5 Rxe5 35. Rc1 1/2-1/2

[Event "BL2-Ost 1415"]
[Site "Germany"]
[Date "2014.11.08"]
[Round "3.4"]
[White "Enders, Peter"]
[Black "Schmid, Roland"]
[Result "0-1"]
[WhiteElo "2466"]
[BlackElo "2264"]
[PlyCount "110"]
[EventDate "2014.10.18"]
[EventType "team-tourn"]
[EventRounds "10"]
[EventCountry "GER"]
[SourceTitle "CBM 166 Extra"]
[Source "ChessBase"]
[SourceDate "2015.06.18"]
[SourceVersion "1"]
[SourceVersionDate "2015.06.18"]
[SourceQuality "1"]
[WhiteTeam "Erfurt"]
[BlackTeam "Neutraubling Wacker"]
[WhiteTeamCountry "GER"]
[BlackTeamCountry "GER"]

1. e4 d6 2. d4 Nf6 3. Nc3 Nbd7 4. Nf3 e5 5. Bc4 Be7 6. 0-0 h6 7. Re1 c6 8. a4 Qc7 9. b3 Nf8 10. Bb2 Bg4 11. Qd3 Ng6 12. Ne2 d5 13. exd5 e4 14. Qe3 exf3 15. gxf3 Bc8 16. dxc6 0-0 17. cxb7 Bxb7 18. Ng3 Bb4 19. Ne4 Nd5 20. Bxd5 Bxd5 21. c3 f5 22. cxb4 fxe4 23. fxe4 Rae8 24. Qg3 Qxg3+ 25. hxg3 Bxe4 26. b5 h5 27. Ba3 Rf3 28. Re2 Rxb3 29. Bc5 Bc6 30. Rxe8+ Bxe8 31. Bxa7 Ne7 32. Re1 Kf7 33. Bc5 Nf5 34. d5 Bd7 35. Re4 Rd3 36. b6 Bc8 37. Rc4 Rd1+ 38. Kh2 Bb7 39. Ba3 Bxd5 40. Rc1 Rxc1 41. Bxc1 Nd6 42. Be3 Ke6 43. a5 Bb7 44. Bc5 Nc4 45. Bb4 Ne5 46. Bc3 g6 47. Kh3 Kf5 48. Bxe5 Kxe5 49. g4 Bc8 50. Kh4 Kf4 51. b7 Bxb7 52. gxh5 g5+ 53. Kh3 Kf3 54. h6 Bc8+ 55. Kh2 Kxf2 0-1

[Event "Rhein Main op-A 16th"]
[Site "Bad Homburg"]
[Date "2013.05.30"]
[Round "3"]
[White "Mussler, Thomas"]
[Black "Schmid, Roland"]
[Result "0-1"]
[WhiteElo "2090"]
[BlackElo "2241"]
[PlyCount "96"]
[EventDate "2013.05.29"]
[EventType "swiss"]
[EventRounds "7"]
[EventCountry "GER"]
[SourceTitle "EXT 2014"]
[Source "ChessBase"]
[SourceDate "2013.11.20"]
[SourceVersion "1"]
[SourceVersionDate "2013.11.20"]
[SourceQuality "1"]

1. e4 e6 2. d4 d5 3. e5 c5 4. c3 Qb6 5. Ne2 Nc6 6. g3 Nge7 7. Bh3 Nf5 8. Bxf5 exf5 9. 0-0 Be6 10. a3 c4 11. h4 Kd7 12. Nd2 Na5 13. Nf4 Rd8 14. Rb1 Nb3 15. Nxb3 Qxb3 16. Qxb3 cxb3 17. c4 Kc6 18. cxd5+ Bxd5 19. Nxd5 Kxd5 20. Be3 Be7 21. Rfc1 Rc8 22. Kf1 f6 23. Ke2 fxe5 24. dxe5 b6 25. Rxc8 Rxc8 26. Rd1+ Kxe5 27. Bd4+ Ke6 28. Bxg7 a5 29. Rd3 a4 30. Rc3 Rxc3 31. Bxc3 Kd5 32. Kd3 Bc5 33. f3 Bf2 34. g4 fxg4 35. fxg4 Bxh4 36. Ke3 Kc4 37. Ke4 Be7 38. Be5 b5 39. Kf5 b4 40. axb4 Bxb4 41. Kf6 a3 42. bxa3 Bc3 43. Bxc3 Kxc3 44. Kg7 b2 45. Kxh7 b1Q+ 46. Kh6 Qh1+ 47. Kg6 Qh8 48. g5 Qg8+ 0-1

[Event "BL2-Ost 1213"]
[Site "Germany"]
[Date "2013.03.17"]
[Round "8.5"]
[White "Hoffmeyer, Falk"]
[Black "Schmid, Roland"]
[Result "1-0"]
[WhiteElo "2302"]
[BlackElo "2241"]
[PlyCount "105"]
[EventDate "2012.10.14"]
[EventType "team-tourn"]
[EventRounds "9"]
[EventCountry "GER"]
[SourceTitle "CBM 154 Extra"]
[Source "ChessBase"]
[SourceDate "2013.06.25"]
[SourceVersion "2"]
[SourceVersionDate "2013.06.25"]
[SourceQuality "1"]
[WhiteTeam "Zugzwang MSA"]
[BlackTeam "Neutraubling Wacker"]
[WhiteTeamCountry "GER"]
[BlackTeamCountry "GER"]

1. d4 e6 2. Nf3 f5 3. g3 Nf6 4. Bg2 d5 5. 0-0 Bd6 6. c4 c6 7. b3 Qe7 8. Bb2 b6 9. Qc1 Bb7 10. Ba3 Nbd7 11. Bxd6 Qxd6 12. Qb2 0-0 13. Nc3 Rac8 14. Rfd1 Qe7 15. Rac1 Ne4 16. e3 Ba6 17. Ne2 g5 18. Rc2 Rc7 19. Nc1 dxc4 20. bxc4 c5 21. Qa3 Bb7 22. Nd3 Rfc8 23. Nfe5 Nef6 24. Nxd7 Nxd7 25. d5 exd5 26. cxd5 Qf6 27. f4 g4 28. Nf2 Nf8 29. e4 fxe4 30. Nxe4 Qg7 31. Qc3 Qxc3 32. Rxc3 Rd8 33. Nf6+ Kg7 34. Nxg4 Rcd7 35. Ne3 Ng6 36. Bh3 Rf7 37. Be6 Rf6 38. h4 Ne7 39. f5 h5 40. d6 Nc6 41. g4 hxg4 42. Nxg4 Rff8 43. h5 Ba6 44. f6+ Kh7 45. Bf5+ Kh8 46. Re3 Bc4 47. Re7 Bg8 48. Bg6 Nd4 49. d7 b5 50. f7 Bh7 51. Ne5 Kg7 52. Bxh7 Kxh7 53. Ng6 1-0

[Event "Rhein Main op-A 14th"]
[Site "Bad Homburg"]
[Date "2011.06.25"]
[Round "5"]
[White "Kulenovic, Adnan"]
[Black "Schmid, Roland"]
[Result "0-1"]
[WhiteElo "1799"]
[BlackElo "2003"]
[PlyCount "100"]
[EventDate "2011.06.22"]
[EventType "swiss"]
[EventRounds "7"]
[EventCountry "GER"]
[SourceTitle "EXT 2012"]
[Source "ChessBase"]
[SourceDate "2011.11.24"]
[SourceVersion "1"]
[SourceVersionDate "2011.11.24"]
[SourceQuality "1"]

1. d4 d5 2. Nc3 e6 3. e4 Bb4 4. Be3 dxe4 5. f3 Nf6 6. Qd2 0-0 7. Nge2 c5 8. 0-0-0 Nc6 9. a3 Bxc3 10. Qxc3 Nd5 11. Qd2 exf3 12. gxf3 Nxe3 13. Qxe3 cxd4 14. Nxd4 Qf6 15. Nxc6 bxc6 16. Bd3 e5 17. Qe4 g6 18. Rhg1 Kh8 19. Bb5 Rb8 20. Bxc6 Bf5 21. Qa4 Bxc2 22. Kxc2 Rfc8 23. Kb1 Rxc6 24. Qxa7 Rcb6 25. b4 Qxf3 26. Kb2 Qf2+ 27. Ka1 R8b7 28. Qa5 Rb5 29. Qd8+ Kg7 30. Rgf1 Qb6 31. Qxb6 R5xb6 32. Rd5 Re6 33. Kb2 f5 34. b5 e4 35. Kc3 e3 36. a4 e2 37. Re1 f4 38. Rd3 Ra7 39. Kb4 g5 40. Rf3 Re4+ 41. Kc5 g4 42. Rf2 f3 43. b6 Raxa4 44. Kc6 Rab4 45. Kc7 Re6 46. h3 h5 47. hxg4 hxg4 48. Rg1 e1Q 49. Rxe1 Rxe1 50. Rd2 Re7+ 0-1

[Event "Rhein Main op 12th"]
[Site "Bad Homburg"]
[Date "2009.06.10"]
[Round "1"]
[White "Schmid, Roland"]
[Black "Krischak, Werner"]
[Result "1-0"]
[WhiteElo "2003"]
[BlackElo "1614"]
[PlyCount "107"]
[EventDate "2009.06.10"]
[EventType "swiss"]
[EventRounds "7"]
[EventCountry "GER"]
[SourceTitle "CBM 131 Extra"]
[Source "ChessBase"]
[SourceDate "2009.09.03"]
[SourceVersion "2"]
[SourceVersionDate "2009.09.16"]
[SourceQuality "1"]

1. e4 c6 2. d3 d5 3. Nd2 e6 4. Ngf3 Nd7 5. g3 Bd6 6. Bg2 Ngf6 7. 0-0 0-0 8. Re1 Qc7 9. Qe2 e5 10. Nh4 d4 11. Nc4 Bb4 12. Rf1 b5 13. Nd2 Re8 14. f4 Nb6 15. Ndf3 Bg4 16. h3 Bxf3 17. Qxf3 Nbd7 18. f5 Be7 19. g4 Nxe4 20. Qxe4 Bxh4 21. Qxc6 Rac8 22. Qxb5 Nb6 23. c4 dxc3 24. bxc3 Qxc3 25. Be3 e4 26. Bxb6 axb6 27. dxe4 Qe3+ 28. Kh1 Rxe4 29. Rab1 Rec4 30. Qxb6 Qe2 31. Rb2 Rc2 32. Rxc2 Qxc2 33. Qb7 h6 34. a4 Rd8 35. a5 Bg3 36. a6 Rd1 37. Qf3 Rxf1+ 38. Qxf1 Qf2 39. Qxf2 Bxf2 40. Bd5 Kf8 41. Kg2 Bd4 42. Kf3 f6 43. Ke4 Bb6 44. Be6 Ke7 45. Kd5 Bg1 46. Kc6 Bf2 47. Kb7 Be3 48. a7 Bxa7 49. Kxa7 Kd6 50. Kb7 Ke5 51. Kc7 Kf4 52. Kd6 Kg3 53. Bf7 Kxh3 54. Bh5 1-0

[Event "Rhein Main op 10th"]
[Site "Bad Homburg"]
[Date "2007.06.07"]
[Round "3"]
[White "Schmid, Roland"]
[Black "Geringer, Waldemar"]
[Result "1-0"]
[WhiteElo "2057"]
[BlackElo "1862"]
[PlyCount "81"]
[EventDate "2007.06.06"]
[EventType "swiss"]
[EventRounds "7"]
[EventCountry "GER"]
[SourceTitle "EXT 2008"]
[Source "ChessBase"]
[SourceDate "2007.11.25"]
[SourceVersion "1"]
[SourceVersionDate "2007.11.25"]
[SourceQuality "1"]

1. e4 c5 2. Nf3 d6 3. d3 Nf6 4. g3 Nc6 5. Bg2 Bg4 6. h3 Bh5 7. c3 b5 8. g4 Bg6 9. Nh4 e5 10. Nf5 h6 11. Nd2 Bxf5 12. exf5 d5 13. 0-0 Qd6 14. c4 bxc4 15. dxc4 d4 16. Re1 Be7 17. Bxc6+ Qxc6 18. Rxe5 Nd7 19. Re1 f6 20. Qe2 Qd6 21. Ne4 Qc7 22. Bf4 Ne5 23. Bxe5 fxe5 24. Nd2 Bf6 25. f4 0-0 26. fxe5 Rfe8 27. Nf3 Rad8 28. Rad1 a5 29. Qh2 Qb7 30. Qg2 Be7 31. b3 Qb4 32. Qd2 Qb6 33. Rf1 Ra8 34. f6 Bxf6 35. exf6 Qxf6 36. Nxd4 Qh4 37. Nf5 Qxh3 38. Qg2 Qc3 39. Rd7 Ra6 40. Rxg7+ Kh8 41. Qb7 1-0